College Quizbowl Stats
College Quizbowl Stats
Circuits
Seasons
Sets
Records
Detailed Stats
About
Loading...
Northeast
Tossups
Bonuses
Players
Teams
Categories (Tossup)
Categories (Bonus)
Nico Miller
Brown B
Categories
Category
Powers
Gets
Negs
BBs
Points
Earliest Buzz
Avg. Buzz
First Buzzes
Top 3 Buzzes
BPA
PVF
Fine Arts - Classical Music
0
2
0
0
20
115
119.50
0
0
0.17
7.50
Literature - American
0
1
0
0
10
43
43.00
0
1
6.50
9.09
Religion
0
0
0
0
0
0.00
0
0
0.00
0.00
Buzzes
Category
Answer
Value
Buzz Position
Literature - American
Slaughterhouse-Five
10
43
Fine Arts - Classical Music
Pathétique Symphony
10
115
Fine Arts - Classical Music
Arnold Schoenberg
10
124
Religion
planets
0
125
Previous
1
Next